[Event "AUS-ch Major"]
[Site "Cammeray"]
[Date "2018.01.11"]
[Round "10"]
[White "Prasad, Lalit"]
[Black "Deen Cowell, Nicholas Andrew"]
[Result "1-0"]
[WhiteElo "1883"]
[BlackElo "1900"]
[PlyCount "49"]
[EventDate "2018.01.02"]
[EventType "swiss"]
[EventRounds "11"]
[EventCountry "AUS"]
[SourceTitle "CBM 182 Extra"]
[Source "ChessBase"]
[SourceDate "2018.02.23"]
[SourceVersion "1"]
[SourceVersionDate "2018.02.23"]
[SourceQuality "1"]

1. c4 g6 2. g3 Bg7 3. Bg2 c5 4. Nc3 Nc6 5. a3 e6 6. b4 cxb4 7. axb4 Nxb4 8. Ba3 Bxc3 9. dxc3 Nc6 10. Nh3 Qf6 11. 0-0 Nge7 12. e4 0-0 13. Qd2 d5 14. cxd5 exd5 15. exd5 Bxh3 16. Bxh3 Rfd8 17. c4 b5 18. Bb2 Ne5 19. f4 Qb6+ 20. Bd4 Nxc4 21. Bxb6 Nxd2 22. Bxd8 Rxd8 23. Rfd1 Rxd5 24. Bg2 Rd7 25. Ra2 1-0

[Event "AUS-ch Major"]
[Site "Cammeray"]
[Date "2018.01.08"]
[Round "7"]
[White "Holt, Kenneth P"]
[Black "Deen Cowell, Nicholas Andrew"]
[Result "0-1"]
[WhiteElo "1825"]
[BlackElo "1900"]
[PlyCount "92"]
[EventDate "2018.01.02"]
[EventType "swiss"]
[EventRounds "11"]
[EventCountry "AUS"]
[SourceTitle "CBM 182 Extra"]
[Source "ChessBase"]
[SourceDate "2018.02.23"]
[SourceVersion "1"]
[SourceVersionDate "2018.02.23"]
[SourceQuality "1"]

1. d4 Nf6 2. c4 g6 3. Nc3 d5 4. cxd5 Nxd5 5. e4 Nxc3 6. bxc3 Bg7 7. Ba3 Nd7 8. Nf3 c5 9. Qd2 Qa5 10. Bb2 Nb6 11. Be2 Bg4 12. 0-0 Bxf3 13. Bxf3 cxd4 14. e5 0-0 15. Qxd4 Bxe5 16. Qe4 Na4 17. Rae1 Bf6 18. Ba1 Nc5 19. Qb4 Qc7 20. Re3 Rac8 21. Bb2 Rfd8 22. Ba3 b6 23. Qg4 e6 24. h4 Nd3 25. Be4 Ne5 26. Qh3 Nc4 27. h5 Nxe3 28. hxg6 hxg6 29. fxe3 Kg7 30. Bb2 Rh8 31. Qf3 Be5 32. Bd3 Rcd8 33. Qe2 Rh5 34. Rf3 Qd7 35. e4 Qc7 36. c4 Qc5+ 37. Rf2 Bxb2 38. Qxb2+ e5 39. Be2 Rh4 40. Bf3 f6 41. Qc2 Rd4 42. g3 Rh8 43. Be2 Rhd8 44. Kg2 b5 45. Qb1 bxc4 46. Qf1 Qc6 0-1

[Event "AUS-ch Major"]
[Site "Cammeray"]
[Date "2018.01.02"]
[Round "1"]
[White "Dias, Douglas"]
[Black "Deen Cowell, Nicholas Andrew"]
[Result "1/2-1/2"]
[WhiteElo "1509"]
[BlackElo "1900"]
[PlyCount "79"]
[EventDate "2018.01.02"]
[EventType "swiss"]
[EventRounds "11"]
[EventCountry "AUS"]
[SourceTitle "CBM 182 Extra"]
[Source "ChessBase"]
[SourceDate "2018.02.23"]
[SourceVersion "1"]
[SourceVersionDate "2018.02.23"]
[SourceQuality "1"]

1. d4 Nf6 2. c4 g6 3. Nc3 d5 4. cxd5 Nxd5 5. e4 Nxc3 6. bxc3 Bg7 7. Be3 c5 8. Rc1 Qa5 9. Qd2 0-0 10. dxc5 Rd8 11. Qb2 Nd7 12. Qb4 Qc7 13. Nf3 Nf6 14. Bc4 e6 15. Bg5 Re8 16. Bxf6 Bxf6 17. Nd4 Qf4 18. Qb1 Qg5 19. 0-0 Qxc5 20. Qb5 Qe7 21. f4 Rb8 22. Nc6 bxc6 23. Qxb8 Qc5+ 24. Kh1 Qxc4 25. f5 exf5 26. exf5 Be5 27. Qxa7 Qh4 28. g3 Bxg3 29. Qg1 Bf4 30. fxg6 hxg6 31. Rce1 Be6 32. c4 Kh7 33. Qf2 Qxf2 34. Rxf2 Bg5 35. Rb2 Ra8 36. Rg2 Bf4 37. Re4 g5 38. h4 Kg6 39. Rxf4 g4 40. Rfxg4+ 1/2-1/2

[Event "Doeberl Cup Premier 51st"]
[Site "Canberra"]
[Date "2013.03.30"]
[Round "5"]
[White "Deen Cowell, Nicholas Andrew"]
[Black "Guo, Emma"]
[Result "1-0"]
[WhiteElo "1889"]
[BlackElo "2092"]
[PlyCount "87"]
[EventDate "2013.03.28"]
[EventType "swiss"]
[EventRounds "9"]
[EventCountry "AUS"]
[SourceTitle "EXT 2023"]
[Source "ChessBase"]
[SourceDate "2022.10.05"]
[SourceVersion "1"]
[SourceVersionDate "2022.10.05"]
[SourceQuality "1"]

1. c4 c5 2. g3 Nc6 3. Bg2 g6 4. Nc3 Bg7 5. e4 Nf6 6. Nge2 d6 7. 0-0 0-0 8. d3 Bd7 9. h3 Rc8 10. a3 a6 11. Rb1 Nd4 12. b4 Nxe2+ 13. Nxe2 b5 14. bxc5 dxc5 15. Be3 Qc7 16. Qc2 Rfd8 17. Rfc1 Qd6 18. Rd1 Ne8 19. Rbc1 Bd4 20. Nxd4 cxd4 21. c5 Qf6 22. Bd2 Ng7 23. Ba5 Re8 24. e5 Qe6 25. c6 Rf8 26. Qc5 Nf5 27. Bd5 Rxc6 28. Bxc6 Nxg3 29. Bxd7 Qxd7 30. fxg3 Qxh3 31. Qc2 Qxg3+ 32. Qg2 Qe3+ 33. Qf2 Qg5+ 34. Kf1 Qxe5 35. Bc7 Qd5 36. Bg3 Re8 37. Qg2 Qf5+ 38. Qf2 Qd5 39. Kg1 a5 40. Re1 a4 41. Rc7 Kf8 42. Qf4 Qd8 43. Qh6+ Kg8 44. Be5 1-0

[Event "Doeberl Cup Premier 51st"]
[Site "Canberra"]
[Date "2013.03.29"]
[Round "4"]
[White "Schon, Eugene"]
[Black "Deen Cowell, Nicholas Andrew"]
[Result "1-0"]
[WhiteElo "2169"]
[BlackElo "1889"]
[PlyCount "85"]
[EventDate "2013.03.28"]
[EventType "swiss"]
[EventRounds "9"]
[EventCountry "AUS"]
[SourceTitle "EXT 2023"]
[Source "ChessBase"]
[SourceDate "2022.10.05"]
[SourceVersion "1"]
[SourceVersionDate "2022.10.05"]
[SourceQuality "1"]

1. e4 e5 2. Nf3 Nc6 3. Bb5 a6 4. Ba4 Nf6 5. 0-0 Be7 6. d3 b5 7. Bb3 d6 8. a4 Bd7 9. c3 0-0 10. Re1 Na5 11. Bc2 c5 12. Nbd2 Nc6 13. Nf1 Re8 14. Ng3 g6 15. Bg5 b4 16. h3 Bf8 17. Nh2 h6 18. Be3 Bg7 19. Qd2 Kh7 20. Rf1 Be6 21. f4 exf4 22. Rxf4 Nd7 23. d4 cxd4 24. cxd4 d5 25. e5 Ndxe5 26. dxe5 Bxe5 27. Rf3 Bxb2 28. Bxg6+ fxg6 29. Qxb2 d4 30. Bf4 Qd5 31. Re1 Qa2 32. Qc1 Bd5 33. Rf2 Rxe1+ 34. Qxe1 Qa3 35. Bc1 Qc3 36. Bd2 Qa3 37. Ng4 Bc4 38. Ne4 h5 39. Ngf6+ Kg7 40. Nd6 Bd3 41. Nde8+ Kh8 42. Bc1 Qa1 43. Qd2 1-0

[Event "Australian op"]
[Site "Cammeray"]
[Date "2013.01.11"]
[Round "9"]
[White "Papantoniou, John"]
[Black "Deen Cowell, Nicholas Andrew"]
[Result "1-0"]
[WhiteElo "2058"]
[BlackElo "1904"]
[PlyCount "195"]
[EventDate "2013.01.02"]
[EventType "swiss"]
[EventRounds "11"]
[EventCountry "AUS"]
[SourceTitle "CBM 152 Extra"]
[Source "ChessBase"]
[SourceDate "2013.02.25"]
[SourceVersion "1"]
[SourceVersionDate "2013.02.25"]
[SourceQuality "1"]

1. e4 e5 2. Nf3 Nc6 3. Bb5 a6 4. Bxc6 dxc6 5. 0-0 Bg4 6. h3 h5 7. d3 Qf6 8. Nbd2 Ne7 9. Re1 Ng6 10. d4 Nf4 11. hxg4 hxg4 12. g3 gxf3 13. Qxf3 Ng6 14. Qxf6 gxf6 15. Nf3 0-0-0 16. Be3 Bh6 17. Bxh6 Rxh6 18. Rad1 Rh5 19. dxe5 fxe5 20. Rxd8+ Kxd8 21. Kg2 a5 22. Re3 Ke7 23. Rd3 Rh8 24. Nd2 f6 25. Nc4 b6 26. Ne3 Ke6 27. Nf5 Rg8 28. Kf3 Ne7 29. Nxe7 Kxe7 30. Rd1 Ke6 31. Rh1 Rg7 32. Ke3 Kd6 33. Rh6 Ke6 34. Rh3 Rd7 35. Rh1 Rg7 36. Rd1 Rh7 37. Kf3 Rg7 38. Rd2 Rg8 39. Kg2 c5 40. Kf3 c6 41. Ke3 Rh8 42. Rd1 Ke7 43. Kf3 Rh7 44. Kg2 Rg7 45. Rh1 Ke6 46. Kf3 Rd7 47. Ke3 Rg7 48. Rh8 Kd6 49. c4 Kc7 50. Rh6 Rf7 51. Kf3 b5 52. b3 a4 53. Kg4 Kb6 54. Kf5 bxc4 55. bxc4 Rd7 56. Rxf6 Rd2 57. Kxe5 Rxa2 58. Rf8 Kb7 59. Kd6 Rd2+ 60. Kxc5 a3 61. Rf3 a2 62. Ra3 Rxf2 63. e5 Re2 64. Kd6 Rd2+ 65. Kc5 Re2 66. e6 Rxe6 67. Rxa2 Rg6 68. Ra3 Rg5+ 69. Kd6 Rg6+ 70. Ke5 Kb6 71. Kf5 Rg8 72. g4 Kc5 73. Rc3 Kd4 74. Rc1 Rf8+ 75. Ke6 Rg8 76. Kf5 Rf8+ 77. Kg5 Rg8+ 78. Kf4 Rf8+ 79. Kg3 Rg8 80. c5 Kd5 81. Rc2 Kd4 82. Kf4 Rf8+ 83. Kg5 Rg8+ 84. Kf5 Rf8+ 85. Ke6 Rg8 86. Kd6 Rg6+ 87. Kc7 Kd5 88. Kb6 Rxg4 89. Rd2+ Kc4 90. Rd6 Rg1 91. Rh6 Kd5 92. Rh5+ Kc4 93. Kxc6 Rg6+ 94. Kb7 Rg1 95. c6 Rb1+ 96. Kc8 Rg1 97. c7 Rg8+ 98. Kb7 1-0

[Event "Australian op"]
[Site "Cammeray"]
[Date "2013.01.04"]
[Round "3"]
[White "Smirnov, Anton"]
[Black "Deen Cowell, Nicholas Andrew"]
[Result "1-0"]
[WhiteElo "2207"]
[BlackElo "1904"]
[PlyCount "57"]
[EventDate "2013.01.02"]
[EventType "swiss"]
[EventRounds "11"]
[EventCountry "AUS"]
[SourceTitle "CBM 152 Extra"]
[Source "ChessBase"]
[SourceDate "2013.02.25"]
[SourceVersion "1"]
[SourceVersionDate "2013.02.25"]
[SourceQuality "1"]

1. e4 c5 2. Nf3 e6 3. d4 cxd4 4. Nxd4 Nc6 5. Nb5 d6 6. c4 Nf6 7. N1c3 a6 8. Na3 b6 9. Be3 Bb7 10. Be2 Be7 11. 0-0 Ne5 12. f4 Ned7 13. Bf3 0-0 14. Qe2 h6 15. Rad1 Qc7 16. g4 Nh7 17. Qg2 g5 18. Qh3 Kg7 19. Ne2 Ndf6 20. Ng3 gxf4 21. Bxf4 Qc5+ 22. Rf2 Ng5 23. Bxg5 hxg5 24. e5 Bxf3 25. exf6+ Bxf6 26. Nh5+ Kg6 27. Nxf6 Kxf6 28. Qxf3+ Ke7 29. Qb7+ 1-0

[Event "Australian op"]
[Site "Cammeray"]
[Date "2013.01.03"]
[Round "2"]
[White "Deen Cowell, Nicholas Andrew"]
[Black "Louie, Jared"]
[Result "1-0"]
[WhiteElo "1904"]
[BlackElo "1735"]
[PlyCount "105"]
[EventDate "2013.01.02"]
[EventType "swiss"]
[EventRounds "11"]
[EventCountry "AUS"]
[SourceTitle "CBM 152 Extra"]
[Source "ChessBase"]
[SourceDate "2013.02.25"]
[SourceVersion "1"]
[SourceVersionDate "2013.02.25"]
[SourceQuality "1"]

1. d4 d5 2. c4 e6 3. Nc3 c6 4. Nf3 Nf6 5. Bg5 Be7 6. cxd5 exd5 7. Qc2 Bg4 8. Ne5 Nbd7 9. Nxg4 Nxg4 10. Bxe7 Qxe7 11. e3 0-0 12. Bd3 Ngf6 13. 0-0-0 Qb4 14. g4 g6 15. h4 Rfc8 16. g5 Nh5 17. Be2 Ng7 18. Bg4 Qd6 19. h5 Rc7 20. Rh3 Nf8 21. f4 f5 22. Bf3 Kf7 23. Kb1 Rac8 24. Qb3 Rd7 25. e4 Qxf4 26. exd5 Ke7 27. dxc6 bxc6 28. Re1+ Kd8 29. Qa3 Qd6 30. Qa5+ Qc7 31. Qc5 Qd6 32. hxg6 Qxc5 33. dxc5 hxg6 34. b4 Nge6 35. Rg3 Rd4 36. a3 Kd7 37. Kc2 Nh7 38. Rh1 Nexg5 39. Ne2 Rd5 40. Bxd5 cxd5 41. Rhg1 Rg8 42. Rxg5 Nxg5 43. Rxg5 Re8 44. Kd3 Rh8 45. Rxg6 Rh3+ 46. Rg3 Rh7 47. Rf3 Ke6 48. Nd4+ Kd7 49. Rxf5 Rh3+ 50. Rf3 Rxf3+ 51. Nxf3 Kc6 52. Nd4+ Kb7 53. a4 1-0

[Event "AUS-ch U18"]
[Site "Mooroolbark"]
[Date "2011.01.20"]
[Round "6"]
[White "Dale, Ari"]
[Black "Deen Cowell, Nicholas Andrew"]
[Result "0-1"]
[WhiteElo "1621"]
[BlackElo "1722"]
[PlyCount "124"]
[EventDate "2011.01.15"]
[EventType "swiss"]
[EventRounds "9"]
[EventCountry "AUS"]
[SourceTitle "EXT 2013"]
[Source "ChessBase"]
[SourceDate "2012.11.22"]
[SourceVersion "1"]
[SourceVersionDate "2012.11.22"]
[SourceQuality "1"]

1. d4 Nf6 2. c4 g6 3. Nc3 d5 4. cxd5 Nxd5 5. e4 Nxc3 6. bxc3 Bg7 7. Be3 c5 8. Qd2 Qa5 9. Rc1 0-0 10. Nf3 Nc6 11. d5 Rd8 12. c4 Nb4 13. Be2 b6 14. e5 Qxa2 15. Qc3 Bf5 16. Nh4 Nc2+ 17. Kf1 Nxe3+ 18. Qxe3 Bd7 19. g4 Qb2 20. Rc3 b5 21. f4 g5 22. Nf5 Bxf5 23. gxf5 b4 24. Rb3 gxf4 25. Rxb2 fxe3 26. Rg1 Kf8 27. Bf3 Bxe5 28. Rbg2 Ke8 29. d6 Rac8 30. Bb7 exd6 31. Rg8+ Kd7 32. Bxc8+ Rxc8 33. Rxc8 Kxc8 34. Rg8+ Kb7 35. Rf8 b3 36. Rxf7+ Kb6 37. Rf8 b2 38. Rb8+ Kc7 39. Rb5 Bc3 40. Rb3 a5 41. Ke2 a4 42. Rxc3 b1Q 43. Rd3 Qb2+ 44. Kxe3 Qe5+ 45. Kd2 Qxh2+ 46. Kc1 Qf4+ 47. Kb2 Qxf5 48. Rd2 Qe5+ 49. Ka2 Qc3 50. Rg2 Qxc4+ 51. Kb2 h5 52. Rg7+ Kc6 53. Ra7 h4 54. Ka1 h3 55. Rh7 Qc3+ 56. Ka2 Qc2+ 57. Ka1 Qxh7 58. Kb2 Qd3 59. Ka2 h2 60. Kb2 h1Q 61. Ka2 Qg2+ 62. Ka1 Qd1# 0-1

[Event "AUS-ch U18"]
[Site "Mooroolbark"]
[Date "2011.01.17"]
[Round "4"]
[White "Daenke, Stephen"]
[Black "Deen Cowell, Nicholas Andrew"]
[Result "1-0"]
[WhiteElo "1569"]
[BlackElo "1722"]
[PlyCount "77"]
[EventDate "2011.01.15"]
[EventType "swiss"]
[EventRounds "9"]
[EventCountry "AUS"]
[SourceTitle "EXT 2013"]
[Source "ChessBase"]
[SourceDate "2012.11.22"]
[SourceVersion "1"]
[SourceVersionDate "2012.11.22"]
[SourceQuality "1"]

1. d4 Nf6 2. c4 g6 3. Nc3 d5 4. cxd5 Nxd5 5. e4 Nxc3 6. bxc3 Bg7 7. Bc4 c5 8. Ne2 Nc6 9. Be3 0-0 10. 0-0 Bd7 11. Rc1 Qc7 12. Qd2 Na5 13. Bd3 b6 14. Ng3 e5 15. f4 exd4 16. cxd4 c4 17. Be2 Rac8 18. f5 c3 19. Qd3 b5 20. f6 Bh8 21. e5 b4 22. Ne4 Nc4 23. Qxc4 Qxc4 24. Bxc4 Rxc4 25. Nc5 Bb5 26. Rf2 Re8 27. Rb1 a5 28. Nb7 c2 29. Rc1 Rec8 30. Nd6 a4 31. Nxc4 b3 32. axb3 axb3 33. Nb2 Ra8 34. Re1 Ra2 35. Bc1 Bc6 36. d5 Bxd5 37. Rd2 Ra5 38. Nc4 Rc5 39. Ne3 1-0

[Event "AUS-ch U18"]
[Site "Mooroolbark"]
[Date "2011.01.16"]
[Round "3"]
[White "Deen Cowell, Nicholas Andrew"]
[Black "Lai, Gene"]
[Result "0-1"]
[WhiteElo "1722"]
[BlackElo "1598"]
[PlyCount "136"]
[EventDate "2011.01.15"]
[EventType "swiss"]
[EventRounds "9"]
[EventCountry "AUS"]
[SourceTitle "EXT 2013"]
[Source "ChessBase"]
[SourceDate "2012.11.22"]
[SourceVersion "1"]
[SourceVersionDate "2012.11.22"]
[SourceQuality "1"]

1. e4 e6 2. d4 d5 3. Nd2 Be7 4. Bd3 c5 5. Ngf3 Nc6 6. dxc5 Bxc5 7. 0-0 Nge7 8. Qe2 0-0 9. Nb3 Bd6 10. e5 Bc7 11. Ng5 g6 12. f4 Kg7 13. Bd2 Bd7 14. Bc3 Bb6+ 15. Kh1 h6 16. Nf3 Nf5 17. Bxf5 gxf5 18. Nfd4 Nxd4 19. Nxd4 Bxd4 20. Bxd4 Kh7 21. Qh5 Qe7 22. Bf2 Rg8 23. Bh4 Qf8 24. Bf6 Rg6 25. c3 Bc6 26. Rf2 Qc5 27. Qe2 Rag8 28. Rg1 d4 29. cxd4 Qxd4 30. h3 Rg3 31. Kh2 Bd5 32. a3 Re3 33. Qh5 Rg6 34. Bh4 Rb3 35. Rd1 Qxf2 36. Qxg6+ fxg6 37. Bxf2 Rxb2 38. Kg3 Rb3+ 39. Kh2 Rxa3 40. g4 Ra2 41. Kg1 a5 42. Rc1 Ra4 43. Rc7+ Kg8 44. Rc8+ Kf7 45. Bc5 Rxf4 46. Rc7+ Ke8 47. Rh7 fxg4 48. Rxh6 gxh3 49. Rxh3 Kd7 50. Rg3 Be4 51. Ra3 Kc6 52. Bd6 Kb5 53. Kh2 Rf3 54. Ra1 Rc3 55. Re1 Bf5 56. Ra1 g5 57. Be7 g4 58. Kg2 a4 59. Kf2 Ka5 60. Bg5 Rf3+ 61. Ke2 b5 62. Bd2+ b4 63. Rc1 Kb5 64. Be3 a3 65. Rc5+ Ka4 66. Bd2 a2 67. Rc1 Bb1 68. Rc6 Kb5 0-1

[Event "Sydney op"]
[Site "Parramatta"]
[Date "2010.04.10"]
[Round "8"]
[White "Deen Cowell, Nicholas Andrew"]
[Black "Jackson, Ralph E"]
[Result "1/2-1/2"]
[WhiteElo "1896"]
[BlackElo "2081"]
[PlyCount "68"]
[EventDate "2010.04.07"]
[EventType "swiss"]
[EventRounds "9"]
[EventCountry "AUS"]
[SourceTitle "CBM 135 Extra"]
[Source "ChessBase"]
[SourceDate "2010.05.04"]
[SourceVersion "1"]
[SourceVersionDate "2010.05.04"]
[SourceQuality "1"]

1. e4 g6 2. d4 Bg7 3. Nc3 c6 4. f4 d5 5. e5 h5 6. Nf3 Bg4 7. h3 Bxf3 8. Qxf3 e6 9. Bd3 Qb6 10. Ne2 h4 11. b3 Bf8 12. 0-0 Nh6 13. Kh1 Nf5 14. Bxf5 gxf5 15. c4 a5 16. Qd3 Be7 17. Nc3 Nd7 18. Na4 Qa6 19. Rd1 Nb6 20. Nxb6 Qxb6 21. c5 Qa6 22. Qxa6 Rxa6 23. Be3 Kd7 24. Rab1 Kc7 25. Rb2 Raa8 26. Rdb1 Rhb8 27. a3 b6 28. b4 axb4 29. axb4 Ra3 30. Bf2 b5 31. Kh2 Rg8 32. Rb3 Ra2 33. R1b2 Ra1 34. Rb1 Ra2 1/2-1/2

[Event "AUS-ch U18"]
[Site "Sandy Bay"]
[Date "2010.01.16"]
[Round "3"]
[White "Dommersnes, Brett"]
[Black "Deen Cowell, Nicholas Andrew"]
[Result "0-1"]
[WhiteElo "187"]
[BlackElo "1622"]
[PlyCount "70"]
[EventDate "2010.01.14"]
[EventType "swiss"]
[EventRounds "11"]
[EventCountry "AUS"]
[SourceTitle "EXT 2011"]
[Source "ChessBase"]
[SourceDate "2010.11.26"]
[SourceVersion "1"]
[SourceVersionDate "2010.11.26"]
[SourceQuality "1"]

1. e4 c5 2. Nc3 a6 3. Nf3 d6 4. d4 cxd4 5. Nxd4 Nf6 6. f3 e5 7. Nb3 Be6 8. Nd5 Bxd5 9. exd5 Nbd7 10. Bd2 Nxd5 11. Bc4 Qh4+ 12. g3 Qxc4 13. Na5 Qc7 14. f4 Be7 15. c4 N5f6 16. Qe2 0-0 17. 0-0-0 b6 18. Nb3 Rac8 19. Kb1 Qxc4 20. Qe3 Qe4+ 21. Ka1 Qxe3 22. Bxe3 Ng4 23. Bd2 Nf2 24. fxe5 Nxe5 25. Be3 Nxh1 26. Rxh1 Nc4 27. Bd4 d5 28. h4 a5 29. g4 a4 30. Nc1 Bc5 31. Bc3 d4 32. Bxd4 Bxd4 33. h5 a3 34. Kb1 Nd2+ 35. Ka1 axb2# 0-1

[Event "Sydney op-B"]
[Site "Parramatta"]
[Date "2009.04.16"]
[Round "4"]
[White "Weller, Tony"]
[Black "Deen Cowell, Nicholas Andrew"]
[Result "1-0"]
[WhiteElo "1974"]
[BlackElo "1869"]
[PlyCount "105"]
[EventDate "2009.04.15"]
[EventType "swiss"]
[EventRounds "9"]
[EventCountry "AUS"]
[SourceTitle "EXT 2012"]
[Source "ChessBase"]
[SourceDate "2011.11.24"]
[SourceVersion "1"]
[SourceVersionDate "2011.11.24"]
[SourceQuality "1"]

1. d4 Nf6 2. e3 c5 3. c3 e6 4. Bd3 d6 5. Nf3 Nc6 6. 0-0 g6 7. e4 Bg7 8. Bf4 0-0 9. Qd2 Nh5 10. Bh6 e5 11. Bxg7 Kxg7 12. dxc5 dxc5 13. Qe3 Qe7 14. Bb5 Na5 15. Nbd2 a6 16. Be2 Nf4 17. Rad1 Bd7 18. b3 Nxe2+ 19. Qxe2 Bb5 20. c4 Bd7 21. Nb1 Nc6 22. Nc3 Nd4 23. Nxd4 exd4 24. Nd5 Qd8 25. Rd3 Bc6 26. Nf4 Qg5 27. Qd2 Qe5 28. f3 Rae8 29. Nd5 Bxd5 30. exd5 b5 31. f4 Qe4 32. f5 bxc4 33. f6+ Kh8 34. bxc4 Rg8 35. Rh3 g5 36. Qd3 Qxd3 37. Rxd3 Re2 38. Ra3 Rc2 39. Rxa6 Rxc4 40. Rd1 h6 41. Ra7 Rf8 42. d6 Rd8 43. Rxf7 Rxd6 44. Re1 Kg8 45. Ree7 Rc1+ 46. Kf2 Rc2+ 47. Kg3 Rxa2 48. Rg7+ Kf8 49. Ref7+ Ke8 50. Rb7 Ra3+ 51. Kg4 h5+ 52. Kxh5 Rxf6 53. Rb8# 1-0

[Event "Doeberl Cup Major 47th"]
[Site "Canberra"]
[Date "2009.04.11"]
[Round "3"]
[White "Canfell, Mike J"]
[Black "Deen Cowell, Nicholas Andrew"]
[Result "0-1"]
[WhiteElo "1688"]
[BlackElo "1408"]
[PlyCount "68"]
[EventDate "2009.04.10"]
[EventType "swiss"]
[EventRounds "6"]
[EventCountry "AUS"]
[SourceTitle "CBM 129 Extra"]
[Source "ChessBase"]
[SourceDate "2009.05.05"]
[SourceVersion "2"]
[SourceVersionDate "2009.05.20"]
[SourceQuality "1"]

1. e4 c5 2. Nf3 d6 3. d4 Nf6 4. Nc3 cxd4 5. Nxd4 a6 6. f3 e5 7. Nb3 Be6 8. Be3 h5 9. Qd2 Nbd7 10. 0-0-0 Qc7 11. Kb1 b5 12. Be2 Rc8 13. a3 Be7 14. h3 Nb6 15. Bxb6 Qxb6 16. g4 g6 17. g5 Nd7 18. h4 0-0 19. f4 Nc5 20. Nxc5 dxc5 21. fxe5 b4 22. axb4 cxb4 23. Nd5 Bxd5 24. exd5 b3 25. cxb3 Qxb3 26. Qd3 Qa4 27. d6 Rfd8 28. Qxa6 Qc2+ 29. Ka1 Ra8 30. dxe7 Rxa6+ 31. Bxa6 Qa4+ 32. Kb1 Rxd1+ 33. Rxd1 Qxd1+ 34. Ka2 Qd7 0-1